Divyangata ke liye navachar: Apps, software aur upkaran (Record no. 393811)

MARC details
000 -LEADER
fixed length control field 00546 a2200193 4500
005 - DATE & TIME
control field 20260102120412.0
008 - FIXED-LENGTH DATA ELEMENTS--GENERAL INFORMATION
fixed length control field 260102b |||||||| |||| 00| 0 eng d
020 ## - ISBN
International Standard Book Number 9789393322708
Price Rs. 700.00
040 ## - CATALOGING SOURCE
Original cataloging agency VIVEKANANDA LIBRARY
082 ## - DDC NUMBER
Classification number 362.4
Book Number S69D
100 ## - MAIN ENTRY--PERSONAL NAME
Personal name Shivaji Kumar
245 ## - TITLE STATEMENT
Title Divyangata ke liye navachar: Apps, software aur upkaran
260 ## - PUBLICATION, DISTRIBUTION, ETC. (IMPRINT)
Name of publisher, distributor, etc Kanishka Publishing House
Date of publication, distribution, etc 2025
Place of publication, distribution, etc New Delhi
300 ## - PHYSICAL DESCRIPTION
Pages xviii, 174
650 ## - Subject
Subject Disability
650 ## - Subject
Subject Rehabilitation Sciences
650 ## - Subject
Subject Innovation for Disability
942 ## - ADDED ENTRY ELEMENTS (KOHA)
Koha item type Books
Holdings
Withdrawn status Lost status Source of classification or shelving scheme Damaged status Not for loan Location (home branch) Sublocation or collection (holding branch) Shelving location Date acquired Koha issues (times borrowed) Koha full call number Accession No. Koha date last seen Koha item type
    Dewey Decimal Classification     VIVEKANANDA LIBRARY VIVEKANANDA LIBRARY Centre for Disability Studies 03/12/2025   362.4 S69D 443480 03/12/2025 Books
    Dewey Decimal Classification     VIVEKANANDA LIBRARY VIVEKANANDA LIBRARY Centre for Disability Studies 03/12/2025   362.4 S69D 443479 03/12/2025 Books
    Dewey Decimal Classification     VIVEKANANDA LIBRARY VIVEKANANDA LIBRARY Centre for Disability Studies 03/12/2025   362.4 S69D 443481 03/12/2025 Books
    Dewey Decimal Classification     VIVEKANANDA LIBRARY VIVEKANANDA LIBRARY Centre for Disability Studies 03/12/2025   362.4 S69D 443482 03/12/2025 Books
    Dewey Decimal Classification     VIVEKANANDA LIBRARY VIVEKANANDA LIBRARY Centre for Disability Studies 03/12/2025   362.4 S69D 443483 03/12/2025 Books
© Designed and Maintained by Vivekananda Library, MDU Rohtak